Láska v osade sex nie je témou debát, rovno sa ide na vec. Nevadí, ani keď sú rodina

Bibliographic Details
Main Author: Ďurajková, Lenka (Author)
Format: Article
Language:Slovak
PhysicalDescription:Fotogr.
ISSN:1210-4040
Subjects:
Online Access:http://plus7dni.pluska.sk/plus7dni/vsimli-sme-si/laska-osade.html

MARC

LEADER 00000nab a2200000 a 4500
001 vtls010263031
003 SK-MaSNL
005 20260305034139.0
008 110311c2011 xo wrzp 0 0slo
038 |a RVGKPD 
040 |a RVGKPD  |b slo  |c RVGKPD  |e AACR2 
041 0 |a slo 
044 |a xo  |c SK 
080 |a 323.15(=214.58)  |2 1997 
080 |a 613.881  |2 1997 
100 1 |a Ďurajková, Lenka  |4 aut  |9 1052829 
245 1 0 |a Láska v osade  |b sex nie je témou debát, rovno sa ide na vec. Nevadí, ani keď sú rodina  |c Lenka Ďurajková 
300 |b Fotogr. 
650 0 7 |a Rómovia  |2 rvgkpd  |9 1702 
650 0 7 |a romiká  |2 rvgkpd  |9 72855 
651 7 |a Kobeliarovo (Slovensko)  |2 rvgkpd  |9 56885 
651 7 |a Rožňava (Slovensko : okres)  |2 rvgkpd  |9 19215 
773 0 |t Plus 7 dní  |g Roč. XX, č. 7 (2011), s. 28-30  |x 1210-4040 
852 |a RVGKPD  |b KIS3G 
856 4 1 |u http://plus7dni.pluska.sk/plus7dni/vsimli-sme-si/laska-osade.html 
992 |a RBX 
999 |c 3328064  |d 3329994